| 000 | 01009nam0a22002531 4500 | ||
|---|---|---|---|
| 001 | rc\444936 | ||
| 005 | 20030616171331.2 | ||
| 035 | _a(NLR Aleph) 005690451 | ||
| 090 |
_a7170170 _c7170170 |
||
| 100 | _a20030616d1987 u |0rusy50 ca | ||
| 101 | 0 | _arus | |
| 102 | _aRU | ||
| 105 | _aa ||||||||| | ||
| 200 | 1 |
_aСистемы передачи и обработки информации _eМежвуз. темат. сб. науч. тр. по радиотехнике _fЕрев. политехн. ин-т им. К. Маркса _g[Редкол.: Казарян Г.А. (отв. ред.) и др.] |
|
| 210 |
_aЕреван _cЕрПИ _d1987 |
||
| 215 |
_a96, [1] с. _cил. _d21 |
||
| 320 | _aБиблиогр. в конце ст. | ||
| 702 | 1 |
_aКазарян _bГ. А. _4340 |
|
| 712 | 0 | 2 |
_aЕреванский политехнический ин-т им. К.Маркса _3RU\NLR\AUTH\889932925 |
| 801 | 0 |
_aRU _bNLR _gpsbo |
|
| 801 | 1 |
_aRU _bELAR _2rusmarc |
|
| 852 |
_aNLR _j88-4/7958 |
||
| 942 | _cBOOK | ||
| 980 | _aNB | ||